00466cam a2200181 a 4500001000800000005001700008008004100025010001700066020001500083040001800098041000800116080001500124082001900139100000600158101000800164245005900172504005300231331521920180215072442.0841022s1985 njua b 001 0 eng  a 84024816  a013078494X aDLCcDLCdDLC aeng a612.76 HAY00a612.76 HAY2191 a8 aEKF14aThe biomechanics of sports techniques /cJames G. Hay. aIncludes bibliographical references and indexes.